Wszyscy Gospodarze Mistrzostw Europy - Statystyki

Ogólne statystyki
  • Ten quiz został rozwiązany 253 razy
  • Średni wynik to 12 z 14
Statystyki odpowiedzi
Kraje Organizujące % Poprawnych
Polska
99%
Niemcy
97%
Francja
96%
Ukraina
96%
Portugalia
93%
Włochy
92%
Hiszpania
91%
Anglia
89%
Belgia
88%
Holandia
86%
Szwecja
86%
Szwajcaria
85%
Austria
84%
Jugosławia
45%
Nie znaleziono quizów pasujących do podanych kryteriów
Rozkład punktacji
Procent ludzi z każdym wynikiem
Percentyl według liczby udzielonych odpowiedzi
Twoja historia wyników
Nie rozwiązałeś tego quizu